Star Wars Crawl (Episode VIII) Quiz Stats

 Plays Quiz Updated Feb 3, 2018

Score 0/76 Timer 06:00
1 Play Today
% Correct
the
93.7%
the
93.7%
the
93.7%
the
93.7%
the
93.7%
the
93.7%
the
93.7%
the
93.7%
The
93.7%
a
89.4%
a
89.4%
Luke
88.2%
ORDER
81.5%
Order
81.5%
Skywalker
81.1%
FIRST
81%
First
81%
Leia
78.8%
RESISTANCE
64.6%
Resistance
64.6%
has
64.4%
Jedi
63.8%
Organa's
61.5%
General
61.2%
Snoke
60.1%
of
60%
of
60%
of
60%
to
57.2%
to
57.2%
and
57.1%
galaxy.
55.2%
rebel
55%
Leader
54.3%
Supreme
52.2%
fight.
49.1%
Master
46%
base,
44%
% Correct
hope
40.5%
will
37.9%
fighters
37.2%
Republic,
36.6%
reigns.
35.6%
band
34.9%
escape....
33%
As
32.4%
been
31.1%
return
29.9%
But
27.1%
that
25.4%
control
25.2%
his
25%
spark
24.8%
desperate
24.2%
now
24.1%
brave
23.3%
restore
22.4%
Only
21.5%
Having
20.4%
decimated
19.8%
mount
19.6%
peaceful
18.8%
against
18.4%
heroes
17.5%
seize
16.9%
exposed.
16.8%
stand
16.8%
military
16.7%
toward
16.3%
legions
15.5%
merciless
14.8%
speeds
14.7%
tyranny,
14.2%
deploys
14%
rising
12.7%
certain
12.1%

You're not logged in!

Compare scores with friends on all Sporcle quizzes.
OR
Log In

Show Comments

Extras

Top Quizzes Today


Score Distribution

Your Account Isn't Verified!

In order to create a playlist on Sporcle, you need to verify the email address you used during registration. Go to your Sporcle Settings to finish the process.

Report this User

Report this user for behavior that violates our Community Guidelines.

Details: